| 000 | 00399nam a2200157Ia 4500 | ||
|---|---|---|---|
| 008 | 260601s2025 xx 000 0 und d | ||
| 020 | _a978-81-265-2068-8 | ||
| 041 | _aeng | ||
| 082 | _a658.4063/MUL | ||
| 100 | _aMULLER CHRISTIAN | ||
| 245 | _aDESIGN THINKING FOR DUMMIES | ||
| 260 |
_aNEW DELHI _bWILEY INDIA PVT LTD _c2025 |
||
| 300 | _aP.B,XII,290 | ||
| 650 | _aMCA | ||
| 700 | _aROTERBERG | ||
| 999 |
_c1222359 _d1222359 |
||